Statistics for Glee Characters (Hard)

Click here to take the quiz!

General Stats

  • This quiz has been taken 2,394 times
  • The average score is 25 of 36

Answer Stats

HintAnswer% Correct
RBRachel Berry
99%
QFQuinn Fabray
96%
SSSue Sylvester
96%
FHFinn Hudson
95%
KHKurt Hummel
94%
NPNoah 'Puck' Puckerman
93%
TC-CTina Cohen-Chang
93%
WSWill Schuster
93%
AAArtie Abrams
92%
SLSantana Lopez
91%
BS.PBrittany S.Pierce
90%
MCMike Chang
90%
BABlaine Anderson
88%
MJMercedes Jones
87%
SESam Evans
87%
EPEmma Pillsbury
85%
BHBurt Hummel
84%
JPJake Puckerman
80%
MRMarley Rose
76%
JS.JJesse St.James
71%
KWKitty Wilde
70%
UAUnique Adams
70%
RLRyder Lynn
66%
SMSugar Motta
59%
LZLauren Zizes
57%
BJBecky Jackson
54%
DKDave Karofsky
51%
SBShannon Beiste
51%
HHHolly Holiday
48%
SSSebastian Smythe
48%
JHJane Hayward
25%
SPSpencer Porter
24%
DDani
22%
RRoderick
21%
EGElliott Gilbet
13%
CClint
5%

Score Distribution

Percentile by Number Answered

Percent of People with Each Score

Your Score History

You have not taken this quiz